徒歩5分圏内にヤオコーがあるノジマ - Statistics

General Stats
  • This quiz has been taken 3 times
  • The average score is 1 of 21
Answer Stats
Hint Answer % Correct
埼玉県 浦和パルコ
67%
東京都 東久留米滝山
33%
埼玉県 東所沢
33%
神奈川県 川崎枡形
0%
神奈川県 ららぽーと湘南平塚
0%
神奈川県 三浦
0%
東京都 若葉台
0%
東京都 西八王子
0%
東京都 ミッテン府中
0%
埼玉県 川越西
0%
埼玉県 ウニクス川越
0%
埼玉県 ララガーデン春日部
0%
埼玉県 モラージュ菖蒲
0%
埼玉県 熊谷ニットモール
0%
埼玉県 戸田駅前
0%
埼玉県 所沢北原
0%
埼玉県 ららぽーと富士見
0%
千葉県 ユニモちはら台
0%
千葉県 ニューコースト新浦安
0%
東京都 LICOPA東大和
0%
埼玉県 まるひろ上尾SC
0%
No matching quizzes found
Score Distribution
Percent of People with Each Score
Percentile by Number Answered
Your Score History
You have not taken this quiz